000 00784cam a22002653a 4500
001 22124
003 PGUSA
005 20140828083454.0
008 070723s2007||||xxu|||||s|||||000 1 eng d
040 _aPGUSA
_beng
042 _adc
050 4 _aPR
100 1 _aKeyworth, J. W.
245 1 4 _aThe Golden Shoemaker ;
_bor, 'Cobbler' Horn
_h[electronic resource] /
_cJ. W. Keyworth
260 _bProject Gutenberg,
_c2007
506 _aPublic domain in the USA.
516 _aElectronic text
653 _aMissing children -- Fiction
653 _aPhilanthropists -- Fiction
653 _aChristian life -- Fiction
653 _aInheritance and succession -- Fiction
830 0 _aProject Gutenberg
_v22124
856 4 0 _uhttp://www.gutenberg.org/ebooks/22124
942 _cEB
999 _c251379
_d251379